000 00586nam a2200253Ia 4500
005 20250425162451.0
008 250425s9999 xx 000 0 und d
041 _aspa
043 _aec
082 _a330
100 _aRYLAN, PHILIP
245 0 _aTHE ECONOMIST: GUIA ESENCIAL DE INVERSIONES
250 _a1A ED.
260 _aEcuador
_bTHE ECONOMIST
_c2010
260 _aS.L.
300 _a272
500 _aColección: Nueva Economía
650 _aECONOMIA
650 _aGUIA
650 _aINVERSIONES
710 _aTHE ECONOMIST
942 _c01
010 _a76108
999 _c229821
_d229821